El Greco el visionario iluminado

Gespeichert in:
Bibliographische Detailangaben
1. Verfasser: Gómez de la Serna, Ramón
Format: Buch
Sprache:Undetermined
Veröffentlicht: Buenos Aires, Argentina Losada 1960
Ausgabe:2
Schlagworte:
Tags: Tag hinzufügen
Keine Tags, Fügen Sie den ersten Tag hinzu!

MARC

LEADER 00000nam a2200000Ia 4500
008 170316s9999 xx 000 0 und d
040 |a cru BVZT 
090 |a 862 G-29gr 
100 |a Gómez de la Serna, Ramón 
245 |a El Greco  |b el visionario iluminado 
250 |a 2 
260 |a Buenos Aires, Argentina 
260 |b Losada 
260 |c 1960 
300 |a 152 páginas 
650 |a LITERATURA ESPAÑOLA 
942 |c 15 D 
999 |c 9907  |d 9907